000 01767cam a22003257a 4500
001 82441
003 BD-RjUL
005 20231211122225.0
008 010405s1992 ua b 00010 ara
035 _a(BD-RjUL)82441
040 _aDLC-R
_cDLC-R
_dDLC
_beng
041 1 _aara
_hper
082 _223
_a891.551
_bRUM 1992
100 0 _aجلال الدين رومي، ;; Jalāl al-Dīn Rūmī,
_d1207-1273.
_910450
245 1 0 _aمثنوي مولانا جلال الدين الرومي.;; ،Mathnawī Mawlānā Jalāl al-Dīn al-Rūmī.
_nالكتاب الثالث / al-Kitāb al-thālith /
_cترجمه وشرحه وقدم له إبراهيم الدسوقى شتا. tarjamahu wa-sharaḥahu wa-qaddama la-hu Ibrāhīm al-Dasūqī Shitā.
250 _aal-Ṭabʻah 1.
260 _aمدينة نصر، القاهرة : Madinat Naṣr, al-Qāhirah :
_bالزهراء للٳعلام العربي، ;; al-Zahrāʼ lil-Iʻlām al-ʻArabī,
_c1992.
300 _a326 p. ;
_c24 cm.
504 _aIncludes bibliographical references.
650 0 _aSufi poetry, Persian
_910451
700 1 _aشتا،ابراهيم الدسوقي. ;; Shitā, Ibrāhīm al-Dasūqī.
_910452
880 0 _6100-01/(3/r
_aجلال الدين رومي،
_cمولانا.
880 1 0 _6240-02/(3/r
_aمثنوي.
_nكتاب 3.
_lArabic
880 1 0 _6245-03/(3/r
_aمثنوي مولانا جلال الدين الرومي.
_nالكتاب الثالث /
_cترجمه وشرحه وقدم له إبراهيم الدسوقى شتا.
880 _6250-04/(3/r
_aالطبعة 1.
880 _6260-05/(3/r
_aمدينة نصر، القاهرة :
_bالزهراء للٳعلام العربي،
_c1992.
942 _2ddc
_cBK
999 _c82441
_d82441